| 000 | 00366 a2200133 4500 | ||
|---|---|---|---|
| 001 | 91609 | ||
| 082 | _aPR 1576 | ||
| 090 |
_c43762 _d43761 |
||
| 100 | _aFarooq Hameed; Prof Fida Khan and Omer Bashir, Advisors | ||
| 245 |
_aReal Time Data Acquisition using RT Linux _n53 "B" EC |
||
| 260 |
_aRawalpindi _bNUST _c2001 |
||
| 300 | _a85p | ||
| 500 | _aBE Project Reports | ||
| 942 |
_aCAE NUST _kPR 1576 |
||
| 999 |
_c326682 _d326682 |
||